<?xml version="1.0" encoding="UTF-8"?>
<record
    xmlns:xsi="http://www.w3.org/2001/XMLSchema-instance"
    xsi:schemaLocation="http://www.loc.gov/MARC21/slim http://www.loc.gov/standards/marcxml/schema/MARC21slim.xsd"
    xmlns="http://www.loc.gov/MARC21/slim">

  <leader>00381nam a2200145Ia 4500</leader>
  <controlfield tag="008">191201s2004    xx            000 0 und d</controlfield>
  <datafield tag="082" ind1=" " ind2=" ">
    <subfield code="a">518.6</subfield>
    <subfield code="b">JAN</subfield>
  </datafield>
  <datafield tag="100" ind1=" " ind2=" ">
    <subfield code="a">JAIN, M K</subfield>
  </datafield>
  <datafield tag="245" ind1=" " ind2="0">
    <subfield code="a">Numerical Methods for Scientific and Engineering Computation</subfield>
  </datafield>
  <datafield tag="250" ind1=" " ind2=" ">
    <subfield code="a">4th</subfield>
  </datafield>
  <datafield tag="260" ind1=" " ind2=" ">
    <subfield code="a">N.Delhi</subfield>
    <subfield code="b">New Age International</subfield>
    <subfield code="c">2004</subfield>
  </datafield>
  <datafield tag="300" ind1=" " ind2=" ">
    <subfield code="a">832</subfield>
  </datafield>
  <datafield tag="650" ind1=" " ind2=" ">
    <subfield code="a">B.Tech(ECE)</subfield>
  </datafield>
  <datafield tag="942" ind1=" " ind2=" ">
    <subfield code="2">ddc</subfield>
    <subfield code="c">BK</subfield>
  </datafield>
  <datafield tag="999" ind1=" " ind2=" ">
    <subfield code="c">1030</subfield>
    <subfield code="d">1030</subfield>
  </datafield>
  <datafield tag="952" ind1=" " ind2=" ">
    <subfield code="0">0</subfield>
    <subfield code="1">0</subfield>
    <subfield code="2">ddc</subfield>
    <subfield code="4">0</subfield>
    <subfield code="7">0</subfield>
    <subfield code="8">APPLIED</subfield>
    <subfield code="a">PIET</subfield>
    <subfield code="b">PIET</subfield>
    <subfield code="d">2006-08-10</subfield>
    <subfield code="e">UDH, Delhi</subfield>
    <subfield code="g">325.00</subfield>
    <subfield code="k">CM 4732</subfield>
    <subfield code="l">5</subfield>
    <subfield code="o">518 JAN</subfield>
    <subfield code="p">1151</subfield>
    <subfield code="r">2023-01-27 00:00:00</subfield>
    <subfield code="s">2023-01-16</subfield>
    <subfield code="w">2005-08-22</subfield>
    <subfield code="y">BK</subfield>
  </datafield>
  <datafield tag="952" ind1=" " ind2=" ">
    <subfield code="0">0</subfield>
    <subfield code="1">0</subfield>
    <subfield code="2">ddc</subfield>
    <subfield code="4">0</subfield>
    <subfield code="7">0</subfield>
    <subfield code="8">APPLIED</subfield>
    <subfield code="a">PIET</subfield>
    <subfield code="b">PIET</subfield>
    <subfield code="d">2006-08-10</subfield>
    <subfield code="e">UDH, Delhi</subfield>
    <subfield code="g">325.00</subfield>
    <subfield code="k">CM 4732</subfield>
    <subfield code="l">1</subfield>
    <subfield code="o">518 JAN</subfield>
    <subfield code="p">1152</subfield>
    <subfield code="r">2022-11-15 00:00:00</subfield>
    <subfield code="s">2021-12-14</subfield>
    <subfield code="w">2005-08-22</subfield>
    <subfield code="y">BK</subfield>
  </datafield>
  <datafield tag="952" ind1=" " ind2=" ">
    <subfield code="0">0</subfield>
    <subfield code="1">0</subfield>
    <subfield code="2">ddc</subfield>
    <subfield code="4">0</subfield>
    <subfield code="7">0</subfield>
    <subfield code="8">APPLIED</subfield>
    <subfield code="a">PIET</subfield>
    <subfield code="b">PIET</subfield>
    <subfield code="d">2006-08-10</subfield>
    <subfield code="e">UDH, Delhi</subfield>
    <subfield code="g">325.00</subfield>
    <subfield code="k">CM 4732</subfield>
    <subfield code="l">1</subfield>
    <subfield code="o">518 JAN</subfield>
    <subfield code="p">1153</subfield>
    <subfield code="r">2020-02-05 00:00:00</subfield>
    <subfield code="s">2020-01-21</subfield>
    <subfield code="w">2005-08-22</subfield>
    <subfield code="y">BK</subfield>
  </datafield>
  <datafield tag="952" ind1=" " ind2=" ">
    <subfield code="0">0</subfield>
    <subfield code="1">0</subfield>
    <subfield code="2">ddc</subfield>
    <subfield code="4">0</subfield>
    <subfield code="7">0</subfield>
    <subfield code="8">APPLIED</subfield>
    <subfield code="a">PIET</subfield>
    <subfield code="b">PIET</subfield>
    <subfield code="d">2006-08-10</subfield>
    <subfield code="e">UDH, Delhi</subfield>
    <subfield code="g">325.00</subfield>
    <subfield code="k">CM 4732</subfield>
    <subfield code="l">1</subfield>
    <subfield code="o">518 JAN</subfield>
    <subfield code="p">1154</subfield>
    <subfield code="r">2020-03-11 00:00:00</subfield>
    <subfield code="s">2020-02-25</subfield>
    <subfield code="w">2005-08-22</subfield>
    <subfield code="y">BK</subfield>
  </datafield>
  <datafield tag="952" ind1=" " ind2=" ">
    <subfield code="0">0</subfield>
    <subfield code="1">0</subfield>
    <subfield code="2">ddc</subfield>
    <subfield code="4">0</subfield>
    <subfield code="7">0</subfield>
    <subfield code="8">MCA</subfield>
    <subfield code="a">PIET</subfield>
    <subfield code="b">PIET</subfield>
    <subfield code="d">2021-09-14</subfield>
    <subfield code="e">Kirti Prakashan</subfield>
    <subfield code="f">indian Rup</subfield>
    <subfield code="g">599.00</subfield>
    <subfield code="k">IN2479</subfield>
    <subfield code="l">0</subfield>
    <subfield code="o">518 JAN</subfield>
    <subfield code="p">33185</subfield>
    <subfield code="r">2021-09-14 00:00:00</subfield>
    <subfield code="v">419.30</subfield>
    <subfield code="w">2021-09-10</subfield>
    <subfield code="y">BK</subfield>
  </datafield>
  <datafield tag="952" ind1=" " ind2=" ">
    <subfield code="0">0</subfield>
    <subfield code="1">0</subfield>
    <subfield code="2">ddc</subfield>
    <subfield code="4">0</subfield>
    <subfield code="7">0</subfield>
    <subfield code="8">MCA</subfield>
    <subfield code="a">PIET</subfield>
    <subfield code="b">PIET</subfield>
    <subfield code="d">2021-09-14</subfield>
    <subfield code="e">Kirti Prakashan</subfield>
    <subfield code="f">indian Rup</subfield>
    <subfield code="g">599.00</subfield>
    <subfield code="k">IN2479</subfield>
    <subfield code="l">0</subfield>
    <subfield code="o">518 JAN</subfield>
    <subfield code="p">33186</subfield>
    <subfield code="r">2021-09-14 00:00:00</subfield>
    <subfield code="v">419.30</subfield>
    <subfield code="w">2021-09-10</subfield>
    <subfield code="y">BK</subfield>
  </datafield>
  <datafield tag="952" ind1=" " ind2=" ">
    <subfield code="0">0</subfield>
    <subfield code="1">0</subfield>
    <subfield code="2">ddc</subfield>
    <subfield code="4">0</subfield>
    <subfield code="7">0</subfield>
    <subfield code="8">MCA</subfield>
    <subfield code="a">PIET</subfield>
    <subfield code="b">PIET</subfield>
    <subfield code="d">2021-09-14</subfield>
    <subfield code="e">Kirti Prakashan</subfield>
    <subfield code="f">indian Rup</subfield>
    <subfield code="g">599.00</subfield>
    <subfield code="k">IN2479</subfield>
    <subfield code="l">0</subfield>
    <subfield code="o">518 JAN</subfield>
    <subfield code="p">33187</subfield>
    <subfield code="r">2021-09-14 00:00:00</subfield>
    <subfield code="v">419.30</subfield>
    <subfield code="w">2021-09-10</subfield>
    <subfield code="y">BK</subfield>
  </datafield>
  <datafield tag="952" ind1=" " ind2=" ">
    <subfield code="0">0</subfield>
    <subfield code="1">0</subfield>
    <subfield code="2">ddc</subfield>
    <subfield code="4">0</subfield>
    <subfield code="7">0</subfield>
    <subfield code="8">MCA</subfield>
    <subfield code="a">PIET</subfield>
    <subfield code="b">PIET</subfield>
    <subfield code="d">2021-09-14</subfield>
    <subfield code="e">Kirti Prakashan</subfield>
    <subfield code="f">indian Rup</subfield>
    <subfield code="g">599.00</subfield>
    <subfield code="k">IN2479</subfield>
    <subfield code="l">0</subfield>
    <subfield code="o">518 JAN</subfield>
    <subfield code="p">33188</subfield>
    <subfield code="r">2021-09-14 00:00:00</subfield>
    <subfield code="v">419.30</subfield>
    <subfield code="w">2021-09-10</subfield>
    <subfield code="y">BK</subfield>
  </datafield>
  <datafield tag="952" ind1=" " ind2=" ">
    <subfield code="0">0</subfield>
    <subfield code="1">0</subfield>
    <subfield code="2">ddc</subfield>
    <subfield code="4">0</subfield>
    <subfield code="7">0</subfield>
    <subfield code="8">MCA</subfield>
    <subfield code="a">PIET</subfield>
    <subfield code="b">PIET</subfield>
    <subfield code="d">2021-09-14</subfield>
    <subfield code="e">Kirti Prakashan</subfield>
    <subfield code="f">indian Rup</subfield>
    <subfield code="g">599.00</subfield>
    <subfield code="k">IN2479</subfield>
    <subfield code="l">1</subfield>
    <subfield code="o">518 JAN</subfield>
    <subfield code="p">33189</subfield>
    <subfield code="r">2022-12-12 00:00:00</subfield>
    <subfield code="s">2022-12-07</subfield>
    <subfield code="v">419.30</subfield>
    <subfield code="w">2021-09-10</subfield>
    <subfield code="y">BK</subfield>
  </datafield>
</record>
